00738cam a22002291 4500001001300000003000400013005001700017008004100034010001700075025001900092035002000111040001800131042001200149050001800161100002000179245010200199260007600301300003800377500001700415650005900432999001700491sa 65009395 DLC20260227112201.0880315s1962 ii ab 000 0 eng  asa 65009395  aPL480:I-E-4421 a(OCoLC)17629456 aDLCcWaUdDLC apremarc00aHD1481.I4bJ61 aJoglekar, N. M.10aReport on consolidation of holdings in Madhya Pradeshb(pilot survey, 1956-57)cby N.M. Joglekar. a[New Delhi]bResearch Programmes Committee, Planning Commissionc[1962] aix, 100 p.billus., maps.c25 cm. aCover title. 0aConsolidation of land holdingszIndiazMadhya Pradesh. c66186d66186